| 000 | 01782nam a2200265 a 4500 | ||
|---|---|---|---|
| 001 | 000046218 | ||
| 005 | 20240306073903.0 | ||
| 008 | 150130s1998 dr ac 000 0 spa d | ||
| 020 | _a8482610988 (v. 1) | ||
| 020 | _a8482610996 (v. 2) | ||
| 040 |
_aDO-SdBNP _bspa _cBNPHU |
||
| 082 |
_axxxx _bxxxx |
||
| 100 | 1 |
_aMolina Moloon, Andrés _96595 |
|
| 245 | 1 | 0 |
_aMatemáticas : _beducación media / _cAndrés Molina Moloon, David Alvarado ; dirección editorial Obdulia García de Escobar ; ilustraciones Ruddy Núñez. |
| 260 |
_aSanto Domingo : _bSantillana, _c1998. |
||
| 300 |
_a4 v : _bil., retrs. ; _c28 cm. |
||
| 500 | _aLa biblioteca solamente posee el volumen 1 y 2 y el cuaderno de trabajo del volumen 1. | ||
| 500 | _aIncluye cuaderno de trabajo. | ||
| 500 | _aeducación media | ||
| 505 | 0 |
_av. 1 : _g2do. ciclo -- _tÁlgebra de matrices -- _tSistemas de ecuaciones -- _tSistemas de inecuaciones -- _tFunciones (I) -- _tLa función exponencial -- _tLa función logarítmica -- _tFunciones trigonométricas -- _tLa recta en el plano -- _tCurvas de segundo grado -- _tSucesiones y series -- _tFunciones (II) -- _tÁrea de figuras planas -- _tSólidos geométricos -- _tEstadística -- _tProbabilidades -- |
|
| 505 | 0 |
_av. 2 : _g2do. ciclo -- _tVectores -- _tTransformaciones geométricas -- _tsucesiones -- _tTrigonometría -- _tFunciones circulares -- _tNúmeros complejos -- _tAnálisis combinatorio -- _tAnálisis matemático (I) -- _tAnálisis matemático (II) -- _tIntroducción al cálculo integral -- _tPor cientos y porcentajes -- _tInterés y monto simple. Valor actual -- _tInterés compuesto -- _tEstadística: concepto básico -- _tProbabilidades -- |
|
| 700 | 1 |
_aAlvarado, David _974255 |
|
| 700 | 1 |
_aGarcía Escobar, Obdulia de _edir. ed. _929220 |
|
| 700 | 1 |
_aNúñez, Ruddy _eil. _923171 |
|
| 999 |
_c45707 _d45707 |
||